LEADER 01132nam2-2200385---450- 001 990001876340203316 005 20060112174947.0 010 $a88-8440-098-8 035 $a000187634 035 $aUSA01000187634 035 $a(ALEPH)000187634USA01 035 $a000187634 100 $a20040726d2002----km-y0itay0103----ba 101 0 $aita 102 $aIT 105 $aa|||||||001yy 200 1 $a<<2.>> : Analisi anatomica dei movimenti$fFlavia Pappacena 210 $aRoma$cGremese$d2002 215 $a238 p.$cill.$d20 cm 225 2 $aPiccola biblioteca delle arti 410 0$12001$aPiccola biblioteca delle arti 454 1$12001 461 1$1001000187630$12001$aTeoria della danza classica 606 0 $aDanza 676 $a792.8 700 1$aPAPPACENA,$bFlavia$0564778 801 0$aIT$bsalbc$gISBD 912 $a990001876340203316 951 $aXIII.4. 17/2(VII E 737)$b172751 L.M.$cVII E$d00092221 959 $aBK 969 $aUMA 979 $aPECORARO$b90$c20040726$lUSA01$h1601 979 $aCOPAT6$b90$c20060112$lUSA01$h1749 996 $aAnalisi anatomica dei movimenti$9955163 997 $aUNISA LEADER 01019nam0-22003131i-450 001 990007060590403321 005 20190213161522.0 010 $a90-411-0144-6 035 $a000706059 035 $aFED01000706059 035 $a(Aleph)000706059FED01 035 $a000706059 100 $a20020311d1996----km-y0itay50------ba 101 0 $aeng 102 $aNL$aUS$aGB 105 $ay-------001yy 200 1 $aAfrican states and contemporary international law$ea case study of the 1982 Law of the Sea Convention and the Exclusive Economic Zone$fTayo O. Akintoba 210 $aThe Hague$aBoston$aCambridge$cMartinus Nijhoff$dc1996 215 $aIX, 181 p.$d24 cm 225 1 $aPublications on Ocean Development$v26 676 $a341.448$v21$zita 700 1$aAkintoba,$bTayo O.$0259563 801 0$aIT$bUNINA$gRICA$2UNIMARC 901 $aBK 912 $a990007060590403321 952 $aX G 342$b40193*$fFGBC 959 $aFGBC 996 $aAfrican states and contemporary international law$9708180 997 $aUNINA